Sử dụng các công cụ phòng vệ thương mại trong bối cảnh Việt Nam thực thi các FTA và cộng đồng kinh tế ASEAN

Tổng quan tình hình và hiệu quả sử dụng các công cụ phòng vệ thương mại của doanh nghiệp Việt Nam từ trước tới nay; đánh giá thực chất về nguy cơ cạnh tranh không lành mạnh của hàng nhập khẩp từ FTA và AEC tại thị trường Việt Nam trong tho...

Full beskrivning

Sparad:
Bibliografiska uppgifter
Huvudupphovsman: Nguyễn, Thị Thu Trang
Övriga upphovsmän: Nguyễn, Thị Thuỳ Dung
Materialtyp: Bok
Språk:Undetermined
Publicerad: H. Thông tin và truyền thông 2016
Ämnen:
Länkar:http://lrc.tdmu.edu.vn/opac/search/detail.asp?aID=2&ID=34076
Taggar: Lägg till en tagg
Inga taggar, Lägg till första taggen!
Thư viện lưu trữ: Trung tâm Học liệu Trường Đại học Thủ Dầu Một
LEADER 01570nam a2200217Ia 4500
001 TDMU_34076
008 210410s9999 xx 000 0 und d
082 |a 327.597054 
090 |b NG527 
100 |a Nguyễn, Thị Thu Trang 
245 0 |a Sử dụng các công cụ phòng vệ thương mại trong bối cảnh Việt Nam thực thi các FTA và cộng đồng kinh tế ASEAN 
245 0 |c Nguyễn Thị Thu Trang (ch.b.), Nguyễn Thị Thuỳ Dung, Phùng Thị Lan Phương 
260 |a H. 
260 |b Thông tin và truyền thông 
260 |c 2016 
300 |a 154tr. 
520 |a Tổng quan tình hình và hiệu quả sử dụng các công cụ phòng vệ thương mại của doanh nghiệp Việt Nam từ trước tới nay; đánh giá thực chất về nguy cơ cạnh tranh không lành mạnh của hàng nhập khẩp từ FTA và AEC tại thị trường Việt Nam trong thời gian tới. Nguyên nhân, hạn chế và các giải pháp sử dụng hiệu quả công cụ phòng vệ thương mại cho doanh nghiệp Việt Nam; TM cuối chính văn; Phụ lục tr.115-154 
650 |a Thương mại quốc tế  |z Việt Nam; Hội nhập kinh tế; Hiệp định Thương mại tự do (FTA) 
700 |a Nguyễn, Thị Thuỳ Dung 
856 |u http://lrc.tdmu.edu.vn/opac/search/detail.asp?aID=2&ID=34076 
980 |a Trung tâm Học liệu Trường Đại học Thủ Dầu Một